| 000 | 02396cam a22003014a 4500 | ||
|---|---|---|---|
| 005 | 20250605164219.0 | ||
| 008 | 250528s ||||||||||||||||||||||||d | ||
| 035 | _a20613 | ||
| 020 | _a9602546123 | ||
| 040 |
_aGR-AtMCL _bgre _dGR-AtMCL _eAACR2 |
||
| 245 | 1 | _aΣτοιχεία Χαρτογραφίας | |
| 260 |
_bΠανεπιστημιακές Εκδόσεις Ε.Μ.Π, _c2002 |
||
| 300 | _a830 | ||
| 520 | _aΧαρτογραφία είναι το πεδίο που ασχολείται με τη σύλληψη, παραγωγή, διάδοση και μελέτη των χαρτών. Εισαγωγή, Η Χαρογραφία Σήμερα, Η Φύση της Χαρτογραφίας, Η Ιστορία της Χαρτογραφίας, Σχέσεις Γη - Χάρτη, Βασική Γεωδαισία, Χαρτογραφικές Προβολές, Κλίμακα και Συστήματα Αναφοράς και Συντεταγμένων, Πηγές Δεδομένων, Τοπογραφική Αποτύπωση και Προσδιορισμός Θέσης, Συλλογή Δεδομένων με Τηλεπισκόπηση, Απογραφή και Δειγματοληψία, Μοντέλα Δεδομένων για Ψηφιακή Χαρτογράφηση, Ψηφιοποίηση του Χάρτη, Επεξεργασία Δεδομένων, Επεξεργασία Εικόνας, Ψηφιακές Βάσεις Δεδομένων, Έννοιες Γεωγραφικών και Χαρτογραφικών Δεδομένων, Διαχείριση Μεγάλων Βάσεων Δεδομένων, Μέτρηση Δεδομένων και Βασική Στατιστική Επεξεργασία, Αντίληψη και Σχεδιασμός, Χαρογραφική Αφαίρεση, Υλοποίηση και Διάδοση του Χάρτη, Ευρετήριο. | ||
| 700 | 1 |
_aGuptill Stephen C _96569 |
|
| 700 | 1 |
_aKimerling Jon A _96570 |
|
| 700 | 1 |
_aMorrison Joel L _96571 |
|
| 700 | 1 |
_aMuehrcke Phillip C _96572 |
|
| 700 | 1 |
_aRobinson Arthur H _96573 |
|
| 700 | 1 |
_aΚάβουρας Μαρίνος _96574 |
|
| 700 | 1 |
_aΝάκος Βύρωνας _96575 |
|
| 700 | 1 |
_aΤομαή Ελένη _96576 |
|
| 700 | 1 |
_aΤσούλος Λύσανδρος _96577 |
|
| 700 | 1 |
_aΦιλιππακοπούλου Βασιλική _96578 |
|
| 942 | _cBK | ||
| 999 |
_c5704 _d5704 |
||